000 00829nam0a22002411 4500
001 rc\859356
005 20250622021824.0
035 _a(NLR Aleph) 006039174
090 _a7609383
_c7609383
100 _a20041129d1984 |||y0rusy50 ca
101 0 _arus
102 _aRU
105 _aa |||||||||
200 1 _aРодная литература
_eПроб. учебник-хрестоматия для 4 кл.
_f[Сост. Р.И. Альбеткова, Е.Д. Демяшева, И.С. Збарский и др.]
210 _aМ.
_cПросвещение
_d1984
215 _a399 с.
_cил.
_d22
300 _aСост. указаны на обороте тит. л.
702 1 _aАльбеткова
_bР.И.
_4220
801 0 _aRU
_bNLR
_gpsbo
801 1 _aRU
_bELAR
_2rusmarc
852 _aNLR
_j85-5/570
942 _cBOOK
980 _aNB